000 00242nam a22001097a 4500
008 170126b xxu||||| |||| 00| 0 eng d
020 _a9781601514158
041 _aeng
080 _a61
245 _aHCPCS LEVEL II
_cGABBERT, W
942 _2udc
_cBK
999 _c3758
_d3758